Kompetencie v projektovom riadení

Príspevok analyzuje chápanie kompetencií v projektovom riadení a uvádza niektoré informácie z prieskumu, ktorý bol zrealizovaný v pracovných tímoch, ktoré uplatňovali vo svojej činnosti princípy projektového manažmentu.

Guardado en:
Detalles Bibliográficos
Autor principal: Szarková, Miroslava, 1951-
Otros Autores: Kintler, Jakub, 1979-, Horváth, Marián
Formato: Capítulo de libro
Lenguaje:eslovaco
Materias:
Etiquetas: Agregar Etiqueta
Sin Etiquetas, Sea el primero en etiquetar este registro!

MARC

LEADER 00000naa$a2200000$$$4500
001 0160058
005 20240502083353.4
041 0 |a slo 
044 |a CZ 
245 1 0 |a Kompetencie v projektovom riadení  |c Miroslava Szarková, Jakub Kintler, Marián Horváth 
520 |a Príspevok analyzuje chápanie kompetencií v projektovom riadení a uvádza niektoré informácie z prieskumu, ktorý bol zrealizovaný v pracovných tímoch, ktoré uplatňovali vo svojej činnosti princípy projektového manažmentu. 
610 2 0 |a riadenie projektové 
610 2 0 |a kompetencie 
610 2 0 |a komunikácia 
610 2 0 |a tímy pracovné 
100 1 |a Szarková, Miroslava, 1951- 
700 1 |a Kintler, Jakub, 1979- 
700 1 |a Horváth, Marián